000 03330nam a2200481 a 4500
001 000103761
003 CHAP
005 20241121110228.0
007 cr ||||||a|c|a
008 110112s2010 mx r 00010 spa d
035 _a111883
040 _cCHAP
090 _aTesis
100 1 _aMagaña Magaña, Juan Feliciano.
_969798
245 1 0 _aPlagas de importancia cuarentenaria en frutas de hueso, pomáceas y uvas provenientes de Chile a México
_c/por Juan Feliciano Magaña Magaña; director de tesis Juan Fernando Solís Aguilar.
264 1 _aChapingo, Méx. :
_bEl autor,
_cEl autor.
300 _a1 recurso en línea (103 páginas):
_bcuadros, figuras.
336 _2rdacontent
_atexto
_btxt
337 _2rdamedia
_acomputadora
_bc
338 _2rdacarrier
_arecursos en línea
_bcr
502 _bIAEPA
_cParasitología
_d2010.
_gLIC
520 _aEl presente trabajo se realizó con el objetivo de generar un documento en el cual se tenga información sobre plagas de importancia cuarentenaria en frutas de hueso, pomáceas y uvas provenientes de Chile a México, realizándose una consulta de bibliografía de tesis, folletos, artículos científicos, libros, internet, bases de datos, etc. Consultando información de las siguientes plagas: 2 Ácaros (Aculus cornutus y Brevipalpus chilensis), 4 Lepidópteros (Cydia molesta, Lobesia botrana, Proeulia auraria y Proeulia chrysopteris), 1 Coleóptero (Naupactus xanthographus) y 1 Hemíptero (Pseudococcus viburni), con la finalidad de obtener información importante y necesaria para los profesionistas encargados de la fitosanidad del país, que les sirva de apoyo para la identificación y control de las plagas mencionadas, ya que sería devastador la introducción de nuevas plagas, sin tener una base de cómo tratar con ellas. El tratamiento más utilizado para la eliminación de las plagas en fruta proveniente de Chile a México, es el baño o aspersión de agua con cloro (200 ppm), después se pasa a lavado con agua y jabón, lavado a alta presión con agua y cepillo, soplado de aire de secado, depilación con cera y secado con aire caliente forzado, después se realiza un monitoreo en el empaque y si aún se encuentra alguna plaga se le da tratamiento en frio o se fumiga la embarcación con bromuro de metilo, con estos métodos se eliminan todas las plagas que el embarque pueda tener y así realizar la importación.
590 _aALEPH
_b10
_c20130110
590 _aBATCH-UPD
_b10
_c20130110
590 _aBATCH-UPD
_b10
_c20130410
590 _aBATCH-UPD
_b10
_c20130914
590 _aBATCH-UPD
_b10
_c20140324
590 _aBATCH-UPD
_b10
_c20141002
590 _aCONVERSION
_b10
_c20130109
590 _aE11695DGD
_b10
_c20141006
650 1 4 _aFruta de hueso
_xPlagas.
_943669
650 1 4 _aFruta
_xCuarentena.
_943606
650 1 4 _aFruta
_xImportación.
_943624
650 1 4 _aPlagas
_xCuarentena.
_988635
700 1 _aSolís Aguilar, Juan Fernando
_9108424
_eDirector de tesis.
856 _uhttp://10.13.5.2/tesis/111883.pdf
_zDESCARGAR PDF
901 _aBK
942 _cTD
_2Clasificación Universidad Autónoma Chapingo
949 _aTesis
_bBC
_cTES
_d33724002225280
_eTS2
_fc.2
_gDonaciØn
_h51720
_i111883
_sb
949 _aTesis
_bBC
_cTES
_d33724002225322
_eTS1
_gDonaciØn
_h51719
_i111883
_sb
999 _c100224
_d100224